[Event "DEM U10 2017"]
[Site "Willingen GER"]
[Date "2017.06.04"]
[Round "2"]
[White "Klühs, Gustaf"]
[Black "Metzdorf, Matteo"]
[Result "1-0"]
[Termination "normal"]
[Board "1"]
[WhiteElo "1620"]
[BlackElo "1466"]
[WhiteClock "01:03:22"]
[BlackClock "00:08:05"]
[PlyCount "91"]
[WhiteFideId "16228936"]
[BlackFideId "16209869"]
[EventCountry "GER"]
[EventRounds "11"]
[EventType "swiss"]
[EventDate "2017.06.03"]

1. d4 e6 2. Nf3 Nf6 3. e3 c5 4. Bd3 d5 5. b3 Nc6 6. O-O Be7 7. Bb2 O-O 8. a3 h6
9. Nbd2 Re8 10. c4 a6 11. Qe2 Rb8 12. dxc5 Bxc5 13. b4 Be7 14. Nd4 Qc7 15. c5
e5 16. Nxc6 bxc6 17. Bxa6 Bxa6 18. Qxa6 Bxc5 19. Bxe5 Rxe5 20. bxc5 Rh5 21. Nf3
Rf5 22. Rab1 Rxb1 23. Rxb1 Nd7 24. Qa8+ Kh7 25. Rb7 Nb6 26. Rxb6 Qe7 27. Qxc6
Qe4 28. a4 Qc2 29. h3 Qd1+ 30. Kh2 Qf1 31. Qb5 Qxf2 32. Qb2 Qxe3 33. Qd4 Qe2
34. Rb2 Qa6 35. Qg4 g6 36. Qd4 Qe6 37. Rb8 Rf6 38. Rb6 Qe7 39. Qxf6 Qc7+ 40.
Ne5 Kg8 41. Rd6 d4 42. Rd8+ Qxd8 43. Qxd8+ Kg7 44. Qe7 h5 45. Qxf7+ Kh8 46.
Nxg6# 1-0

[Event "DEM U10 2017"]
[Site "Willingen GER"]
[Date "2017.06.04"]
[Round "2"]
[White "Prieb, Robert"]
[Black "Zielke, Ansgar"]
[Result "0-1"]
[Termination "normal"]
[Board "2"]
[WhiteElo "1583"]
[BlackElo "1450"]
[WhiteClock "00:47:50"]
[BlackClock "00:11:46"]
[PlyCount "52"]
[WhiteFideId "16212002"]
[BlackFideId "16244800"]
[EventCountry "GER"]
[EventRounds "11"]
[EventType "swiss"]
[EventDate "2017.06.03"]

1. d4 d5 2. c4 e6 3. Nc3 Nf6 4. Nf3 c6 5. e3 Nbd7 6. Qc2 Be7 7. Be2 O-O 8. O-O
b6 9. Rd1 Bb7 10. e4 dxe4 11. Nxe4 Rc8 12. Nxf6+ Nxf6 13. Bd3 Qc7 14. h3 c5 15.
dxc5 Bxc5 16. Bg5 Bxf3 17. gxf3 Qg3+ 18. Kh1 Qxh3+ 19. Kg1 Qg3+ 20. Kh1 Qxg5
21. Rg1 Qh4+ 22. Kg2 g6 23. Rh1 Qg5+ 24. Kh3 Nh5 25. Be4 Nf4+ 26. Kh2 Qg2# 0-1

[Event "DEM U10 2017"]
[Site "Willingen GER"]
[Date "2017.06.04"]
[Round "2"]
[White "von Mettenheim, Johannes"]
[Black "Costa, Leonardo"]
[Result "0-1"]
[Termination "normal"]
[Board "3"]
[WhiteElo "1407"]
[BlackElo "1704"]
[WhiteClock "00:14:13"]
[BlackClock "01:15:58"]
[PlyCount "136"]
[WhiteFideId "16244818"]
[BlackFideId "16213955"]
[EventCountry "GER"]
[EventRounds "11"]
[EventType "swiss"]
[EventDate "2017.06.03"]

1. d4 b6 2. Bg5 Bb7 3. e3 h6 4. Bh4 Nf6 5. Nf3 e6 6. c4 Bb4+ 7. Nc3 O-O 8. Be2
d6 9. O-O Nbd7 10. a3 Bxc3 11. bxc3 c5 12. Rb1 Qc7 13. Bg3 Nh5 14. Re1 Nxg3 15.
hxg3 Nf6 16. Bd3 Be4 17. Bxe4 Nxe4 18. Qd3 f5 19. g4 Nxf2 20. Kxf2 fxg4 21. Qg6
gxf3 22. Qxe6+ Qf7 23. Qxf7+ Rxf7 24. gxf3 Raf8 25. f4 g5 26. Rg1 Kh7 27. Rg4
gxf4 28. Rxf4 Rxf4+ 29. exf4 Rxf4+ 30. Ke3 Rg4 31. Kf3 h5 32. Rd1 Kg6 33. a4
Kf5 34. dxc5 dxc5 35. Rd5+ Kg6 36. Rd6+ Kg5 37. a5 Rxc4 38. axb6 axb6 39. Rxb6
Rxc3+ 40. Ke4 h4 41. Rb8 Kg4 42. Rg8+ Kh3 43. Rg1 Kh2 44. Rg5 h3 45. Kf4 Kh1
46. Ke4 h2 47. Kf4 Rc1 48. Kf3 c4 49. Kf2 c3 50. Rc5 c2 51. Ke2 Kg2 52. Rg5+
Kh3 53. Rh5+ Kg3 54. Kd2 h1=Q 55. Rxh1 Rxh1 56. Kxc2 Kf3 57. Kd3 Rd1+ 58. Kc4
Ke4 59. Kc5 Rd4 60. Kc6 Rd5 61. Kc7 Ke5 62. Kc6 Ke6 63. Kc7 Rd6 64. Kb7 Kd7 65.
Kb8 Rb6+ 66. Ka8 Kc8 67. Ka7 Kc7 68. Ka8 Ra6# 0-1

[Event "DEM U10 2017"]
[Site "Willingen GER"]
[Date "2017.06.04"]
[Round "2"]
[White "Richter, Nicholas"]
[Black "Fuchs, Florian"]
[Result "0-1"]
[Termination "normal"]
[Board "4"]
[WhiteElo "1369"]
[BlackElo "1758"]
[WhiteClock "00:33:35"]
[BlackClock "00:41:38"]
[PlyCount "54"]
[WhiteFideId "16244834"]
[BlackFideId "16213351"]
[EventCountry "GER"]
[EventRounds "11"]
[EventType "swiss"]
[EventDate "2017.06.03"]

1. d4 d6 2. e4 Nf6 3. Nc3 e5 4. dxe5 dxe5 5. Qxd8+ Kxd8 6. Bg5 c6 7. Bxf6+ gxf6
8. O-O-O+ Kc7 9. Bc4 Be6 10. Bxe6 fxe6 11. Nge2 Nd7 12. g3 a5 13. a4 Nc5 14. b3
Rb8 15. Kb2 b5 16. axb5 cxb5 17. Ra1 b4 18. Nd1 Kb6 19. f3 Bh6 20. Nf2 Rhd8 21.
Ng4 Bg7 22. Ne3 Kb5 23. Nc4 Ra8 24. c3 a4 25. cxb4 Kxb4 26. Nb6 Rab8 27. Nxa4
Rd2+ 0-1

[Event "DEM U10 2017"]
[Site "Willingen GER"]
[Date "2017.06.04"]
[Round "2"]
[White "Bungarten, Jona"]
[Black "Rempe, Jonas"]
[Result "0-1"]
[Termination "normal"]
[Board "6"]
[WhiteElo "1726"]
[BlackElo "1733"]
[WhiteClock "00:59:23"]
[BlackClock "00:09:27"]
[PlyCount "110"]
[WhiteFideId "16223608"]
[BlackFideId "16202406"]
[EventCountry "GER"]
[EventRounds "11"]
[EventType "swiss"]
[EventDate "2017.06.03"]

1. e4 e5 2. Nf3 Nc6 3. Bc4 Nf6 4. Ng5 d5 5. exd5 Na5 6. Bb5+ c6 7. dxc6 bxc6 8.
Qf3 Be7 9. Bxc6+ Nxc6 10. Qxc6+ Bd7 11. Qc4 O-O 12. Nc3 Rc8 13. Qe2 Rc6 14. d3
Qc8 15. O-O Re8 16. Nge4 Nxe4 17. Qxe4 Rg6 18. Qe2 Bh3 19. g3 Bxf1 20. Qxf1 Bg5
21. Bxg5 Rxg5 22. Ne4 Rg6 23. Qe2 Rh6 24. f3 Qc7 25. c3 Rb8 26. d4 Qb6 27. b3
exd4 28. Kg2 Qe6 29. cxd4 f5 30. Nc3 Qxe2+ 31. Nxe2 Rc8 32. Rc1 Rxc1 33. Nxc1
Rc6 34. Ne2 Rc2 35. Kf2 Rxa2 36. Ke3 Rb2 37. Nc1 Rxh2 38. Kf4 Rg2 39. d5 Rc2
40. Nd3 Rc3 41. Ne5 Rxb3 42. Kxf5 Re3 43. Ke6 Kf8 44. d6 Rxe5+ 45. Kxe5 Ke8 46.
Kd5 Kd7 47. Kc5 a5 48. Kb5 Kxd6 49. Kxa5 Kd5 50. Kb5 Kd4 51. Kc6 Ke3 52. f4 Kf3
53. Kd6 Kxg3 54. f5 Kg4 55. Ke6 h5 0-1

[Event "DEM U10 2017"]
[Site "Willingen GER"]
[Date "2017.06.04"]
[Round "2"]
[White "Strehse, Nelson"]
[Black "Krüger, Aurelian"]
[Result "1/2-1/2"]
[Termination "normal"]
[Board "8"]
[WhiteElo "1042"]
[BlackElo "1657"]
[WhiteClock "00:07:29"]
[BlackClock "00:25:11"]
[PlyCount "159"]
[WhiteFideId "16228898"]
[BlackFideId "16230400"]
[EventCountry "GER"]
[EventRounds "11"]
[EventType "swiss"]
[EventDate "2017.06.03"]

1. e4 e6 2. d4 d5 3. exd5 exd5 4. Bd3 Bd6 5. Ne2 Nf6 6. c3 O-O 7. Qc2 b6 8. Bg5
h6 9. Bh4 c5 10. O-O Nc6 11. Bf5 Bxf5 12. Qxf5 Be7 13. Rd1 c4 14. Nd2 Qc8 15.
Qxc8 Raxc8 16. Nf3 Rfe8 17. Bg3 Nh5 18. Be5 Bf6 19. Bxf6 Nxf6 20. Ng3 g5 21.
Re1 Ne4 22. Nxe4 dxe4 23. Nd2 f5 24. Nxc4 Nxd4 25. Nd6 Nc2 26. Nxc8 Nxe1 27.
Rxe1 Rxc8 28. Rd1 Rc7 29. Kf1 Kf7 30. Ke2 Ke6 31. f3 exf3+ 32. Kxf3 Rc4 33. Rd4
Rc5 34. h4 Re5 35. Ra4 a5 36. Rc4 Kd5 37. Rd4+ Kc5 38. hxg5 hxg5 39. g4 f4 40.
Re4 Rd5 41. Re2 Rd6 42. Re5+ Rd5 43. Re2 Kd6 44. Rf2 Re5 45. Rd2+ Kc5 46. Rg2
Re3+ 47. Kf2 Kc4 48. Rg1 Rd3 49. Re1 Rg3 50. Re6 b5 51. Re4+ Kd5 52. Re8 Rxg4
53. Rd8+ Kc6 54. Rc8+ Kb7 55. Rc5 Kb6 56. b4 axb4 57. cxb4 Rg3 58. Rf5 Ra3 59.
Rxg5 Rxa2+ 60. Kf3 Rb2 61. Rg6+ Kc7 62. Kxf4 Rxb4+ 63. Ke3 Rc4 64. Kd3 Rc1 65.
Rg2 Kb6 66. Rc2 Rb1 67. Kd2 b4 68. Rc1 Rb3 69. Kc2 Ra3 70. Kb2 Ka5 71. Ra1 Rxa1
72. Kxa1 Ka4 73. Kb2 b3 74. Kb1 Kb5 75. Kb2 Kb4 76. Kb1 Kb5 77. Kb2 Kc4 78. Kb1
Kc3 79. Kc1 Kd4 80. Kb2 1/2-1/2

[Event "DEM U10 2017"]
[Site "Willingen GER"]
[Date "2017.06.04"]
[Round "2"]
[White "Amato, Cristiano"]
[Black "Fuhrmann, Bahne"]
[Result "1-0"]
[Termination "normal"]
[Board "9"]
[WhiteElo "1505"]
[BlackElo "1365"]
[WhiteClock "00:50:17"]
[BlackClock "00:20:49"]
[PlyCount "59"]
[WhiteFideId "12998460"]
[BlackFideId "16244842"]
[EventCountry "GER"]
[EventRounds "11"]
[EventType "swiss"]
[EventDate "2017.06.03"]

1. e4 e5 2. Nf3 Nc6 3. Bb5 a6 4. Ba4 Nf6 5. O-O Bc5 6. c3 b5 7. Bb3 Bb6 8. d4
exd4 9. e5 Ng8 10. cxd4 d5 11. Nc3 Nge7 12. Bg5 O-O 13. Bc2 h6 14. Qd3 g6 15.
Bxh6 Re8 16. Ne2 Nb4 17. Qd2 Nxc2 18. Qxc2 Bf5 19. Qd2 c6 20. Ng3 Qd7 21. Qg5
Qe6 22. Nh5 Rec8 23. Nf6+ Kh8 24. Qh4 Bg4 25. Ng5 Nf5 26. Nxe6 fxe6 27. Qxg4
Nxh6 28. Qxg6 Rc7 29. Qxh6+ Rh7 30. Qxh7# 1-0

[Event "DEM U10 2017"]
[Site "Willingen GER"]
[Date "2017.06.04"]
[Round "2"]
[White "Schott, Andy"]
[Black "Zweigait, Leon"]
[Result "0-1"]
[Termination "normal"]
[Board "10"]
[WhiteElo "1143"]
[BlackElo "1442"]
[WhiteClock "00:21:52"]
[BlackClock "00:56:33"]
[PlyCount "120"]
[WhiteFideId "16244940"]
[BlackFideId "16201388"]
[EventCountry "GER"]
[EventRounds "11"]
[EventType "swiss"]
[EventDate "2017.06.03"]

1. e4 d5 2. exd5 Nf6 3. Nf3 Nxd5 4. d4 c6 5. c4 Nb6 6. Nc3 e6 7. Bf4 N8d7 8.
Bd3 Nf6 9. O-O g6 10. Bg5 Bg7 11. Ne4 Bd7 12. h3 O-O 13. Qd2 Nxe4 14. Bxe4 f6
15. Bf4 Nxc4 16. Qc3 Nb6 17. Rfd1 Nd5 18. Bxd5 cxd5 19. Qb4 Bc6 20. Bd6 Rf7 21.
Re1 Qd7 22. Nd2 Rd8 23. Bg3 Bf8 24. Qa5 b6 25. Qc3 Bd6 26. Bxd6 Qxd6 27. Re3
Re7 28. Rae1 Rde8 29. Nf3 Kg7 30. b4 Bd7 31. a3 e5 32. dxe5 fxe5 33. Rxe5 Rxe5
34. Rxe5 Rxe5 35. Nxe5 d4 36. Qg3 Bb5 37. Nf3 Qd5 38. Qe5+ Qxe5 39. Nxe5 Kf6
40. Nf3 d3 41. Nd2 Ke5 42. f3 Kd4 43. Kf2 Kc3 44. Ke3 Bc6 45. h4 b5 46. g4 h6
47. f4 Bd7 48. Ne4+ Kc2 49. Nc5 d2 50. Nxd7 d1=Q 51. Nc5 Qxg4 52. Nd3 Qh3+ 53.
Ke4 Qxd3+ 54. Ke5 Qf5+ 55. Kd6 Qxf4+ 56. Kc6 Qxh4 57. Kxb5 g5 58. Ka6 Qd4 59.
Ka5 Kb3 60. Ka6 Qb6# 0-1

[Event "DEM U10 2017"]
[Site "Willingen GER"]
[Date "2017.06.04"]
[Round "2"]
[White "Schwartz, Oliver"]
[Black "Kageler, Anton Paul"]
[Result "0-1"]
[Termination "normal"]
[Board "11"]
[WhiteElo "1517"]
[BlackElo "1341"]
[WhiteClock "00:05:10"]
[BlackClock "01:07:27"]
[PlyCount "142"]
[WhiteFideId "16207459"]
[BlackFideId "16244850"]
[EventCountry "GER"]
[EventRounds "11"]
[EventType "swiss"]
[EventDate "2017.06.03"]

1. e4 c5 2. Nf3 d6 3. d4 cxd4 4. Nxd4 Nf6 5. Nc3 e6 6. Bc4 Be7 7. Be3 O-O 8.
Bb3 Nc6 9. f3 Bd7 10. Qd2 Rc8 11. O-O-O Ne5 12. h4 Nc4 13. Bxc4 Rxc4 14. h5 Qa5
15. Nde2 Rfc8 16. h6 g6 17. Bg5 b5 18. e5 b4 19. exf6 bxc3 20. Nxc3 Rxc3 21.
fxe7 Rxc2+ 22. Qxc2 Rxc2+ 23. Kxc2 Qxg5 24. Kb1 Qxe7 25. Rc1 Qg5 26. Rc7 Be8
27. Rxa7 Qf5+ 28. Ka1 Qc2 29. Ra3 Qxg2 30. Rc1 Qd2 31. Rh1 Kf8 32. Ra7 Qe3 33.
Rc7 Qxf3 34. Rhc1 Qh5 35. Rc8 Qxh6 36. a3 Qf4 37. R1c7 h5 38. Rd8 Qf6 39. Rcc8
Qe7 40. Rb8 h4 41. Rdc8 h3 42. Rc2 Kg7 43. Rh2 Ba4 44. Rxh3 Qc7 45. Rb4 Qc1+
46. Ka2 Bc6 47. Rh2 Bd5+ 48. b3 e5 49. Rbh4 Be6 50. a4 Qc5 51. Kb2 d5 52. b4
Qe3 53. b5 d4 54. R4h3 Bxh3 55. b6 Be6 56. a5 Qb3+ 57. Kc1 Qc3+ 58. Rc2 Qxa5
59. b7 Qb6 60. Rb2 Qc7+ 61. Kb1 Qb8 62. Ka1 Bd5 63. Rh2 Qa7+ 64. Kb1 Qxb7+ 65.
Ka1 Qa6+ 66. Kb1 Qd3+ 67. Ka1 Be4 68. Rc2 Qa3+ 69. Kb1 Bxc2+ 70. Kxc2 Qc3+ 71.
Kd1 Qb2 0-1

[Event "DEM U10 2017"]
[Site "Willingen GER"]
[Date "2017.06.04"]
[Round "2"]
[White "Bakiev, Diyor"]
[Black "Reichmann, Felix"]
[Result "1/2-1/2"]
[Termination "normal"]
[Board "12"]
[WhiteElo "1111"]
[BlackElo "1550"]
[WhiteClock "00:58:32"]
[BlackClock "00:55:07"]
[PlyCount "45"]
[WhiteFideId "16241584"]
[BlackFideId "16238290"]
[EventCountry "GER"]
[EventRounds "11"]
[EventType "swiss"]
[EventDate "2017.06.03"]

1. e4 c5 2. Nf3 g6 3. d4 cxd4 4. Nxd4 Bg7 5. Nc3 Nc6 6. Be3 Nf6 7. Bc4 O-O 8.
O-O e6 9. Nxc6 bxc6 10. Bg5 h6 11. Bh4 g5 12. Bg3 d5 13. exd5 cxd5 14. Bb3 Bd7
15. Be5 a5 16. a4 Qb6 17. Rc1 Rfd8 18. Qf3 Ne8 19. Bxg7 Nxg7 20. Qf6 Qb4 21.
Qxh6 g4 22. Qd2 f5 23. Qh6 1/2-1/2

[Event "DEM U10 2017"]
[Site "Willingen GER"]
[Date "2017.06.04"]
[Round "2"]
[White "Nitsche, Nikolai"]
[Black "Neuwirth, Mark"]
[Result "1-0"]
[Termination "normal"]
[Board "13"]
[WhiteElo "1465"]
[BlackElo "1123"]
[PlyCount "113"]
[WhiteFideId "16221036"]
[BlackFideId "16244958"]
[EventCountry "GER"]
[EventRounds "11"]
[EventType "swiss"]
[EventDate "2017.06.03"]

1. e4 e5 2. Nf3 Nc6 3. d4 exd4 4. Nxd4 Nf6 5. Nxc6 dxc6 6. Qxd8+ Kxd8 7. Bg5
Be7 8. Nd2 h6 9. Bh4 g5 10. Bg3 Bb4 11. O-O-O Bd7 12. Bc4 Bxd2+ 13. Rxd2 Nxe4
14. Rd4 Nxg3 15. hxg3 c5 16. Rd2 Kc8 17. Bxf7 Bc6 18. Rhd1 b6 19. f3 Kb7 20. g4
Raf8 21. Bg6 Rf6 22. Bd3 Rd6 23. Bf5 Rxd2 24. Kxd2 Rd8+ 25. Ke1 Rxd1+ 26. Kxd1
Bd5 27. a3 Kc6 28. Be4 Kd6 29. Kd2 a5 30. Kd3 b5 31. Bxd5 Kxd5 32. g3 Ke5 33.
Ke3 c4 34. f4+ gxf4+ 35. gxf4+ Kd5 36. g5 hxg5 37. fxg5 c5 38. Kf4 Ke6 39. Ke4
b4 40. axb4 cxb4 41. Kd4 c3 42. bxc3 a4 43. cxb4 a3 44. Kc3 a2 45. Kb2 a1=Q+
46. Kxa1 Kf5 47. b5 Kxg5 48. b6 Kf6 49. b7 Ke6 50. b8=Q Kd7 51. Qb6 Kc8 52. Qa7
Kd8 53. Kb2 Kc8 54. Kc3 Kd8 55. Kd4 Kc8 56. Kc5 Kd8 57. Kd6 1-0

[Event "DEM U10 2017"]
[Site "Willingen GER"]
[Date "2017.06.04"]
[Round "2"]
[White "Breitkopf-Lazar, Patrick-Robert"]
[Black "Morczynski, Joachim"]
[Result "0-1"]
[Termination "normal"]
[Board "14"]
[WhiteElo "1297"]
[BlackElo "1645"]
[PlyCount "116"]
[WhiteFideId "16213742"]
[BlackFideId "16209745"]
[EventCountry "GER"]
[EventRounds "11"]
[EventType "swiss"]
[EventDate "2017.06.03"]

1. e4 d6 2. d4 Nf6 3. f3 g6 4. Bc4 Bg7 5. b3 O-O 6. Bb2 c6 7. Ne2 b5 8. Bd3
Nbd7 9. O-O Qb6 10. c4 a6 11. Kh1 e5 12. d5 cxd5 13. cxd5 Ne8 14. Ng3 Nc5 15.
f4 f5 16. fxe5 f4 17. Ne2 dxe5 18. h3 Nd6 19. Nbc3 f3 20. Ng1 fxg2+ 21. Kxg2
Bd7 22. Rxf8+ Rxf8 23. Nf3 b4 24. Na4 Bxa4 25. bxa4 Ncxe4 26. Bxe4 Nxe4 27. Qe2
Nc3 28. Bxc3 bxc3 29. Rc1 Qb2 30. Rc2 Qb4 31. Qxa6 Qe4 32. Qe2 Qxd5 33. Kg3 e4
34. Qb5 Rxf3+ 35. Kg2 Qxb5 36. axb5 Rf5 37. a4 Bd4 38. Kg3 Rf2 39. Rxf2 Bxf2+
40. Kxf2 c2 41. a5 c1=Q 42. a6 Qc5+ 43. Kg3 Qxb5 44. a7 Qa6 45. a8=Q+ Qxa8 46.
h4 h5 47. Kf4 Qa5 48. Kxe4 Qc5 49. Kf4 Qd5 50. Kg3 Qe4 51. Kh3 Qf3+ 52. Kh2 Qg4
53. Kh1 Kf7 54. Kh2 Kf6 55. Kh1 Kf5 56. Kh2 Kf4 57. Kh1 Kf3 58. Kh2 Qg2# 0-1

[Event "DEM U10 2017"]
[Site "Willingen GER"]
[Date "2017.06.04"]
[Round "2"]
[White "Müller, Maximilian"]
[Black "Stork, Christopher"]
[Result "1-0"]
[Termination "normal"]
[Board "15"]
[WhiteElo "1234"]
[BlackElo "1630"]
[PlyCount "87"]
[WhiteFideId "16243552"]
[BlackFideId "16215400"]
[EventCountry "GER"]
[EventRounds "11"]
[EventType "swiss"]
[EventDate "2017.06.03"]

1. d4 d5 2. Nf3 e6 3. e3 c5 4. b3 Nf6 5. Nbd2 Nc6 6. Bb2 Be7 7. a3 O-O 8. Bd3
a6 9. O-O b5 10. c4 Rb8 11. Qc2 Qb6 12. cxd5 exd5 13. dxc5 Qxc5 14. Qxc5 Bxc5
15. Bxf6 gxf6 16. Rfc1 Bxa3 17. Rxa3 Nb4 18. Be2 Bd7 19. Raa1 Rbc8 20. Nd4 Rfe8
21. h3 f5 22. N2f3 Ra8 23. Rc7 Be6 24. Nxe6 fxe6 25. Ng5 h6 26. Nf7 Rac8 27.
Nxh6+ Kh8 28. Nf7+ Kg8 29. Rxc8 Rxc8 30. Ng5 Rc6 31. Nf3 Rc3 32. Rb1 Rc2 33.
Nd4 Ra2 34. Bh5 Nd3 35. f3 Kg7 36. Nxe6+ Kf6 37. Nf4 Nxf4 38. exf4 d4 39. Rd1
Rb2 40. Rxd4 Rxb3 41. Rd6+ Ke7 42. Rxa6 Rb1+ 43. Kh2 b4 44. Bg6 1-0

[Event "DEM U10 2017"]
[Site "Willingen GER"]
[Date "2017.06.04"]
[Round "2"]
[White "Hecht, Jonas Christian"]
[Black "Wessel, Daniel"]
[Result "1-0"]
[Termination "normal"]
[Board "16"]
[WhiteElo "1465"]
[BlackElo "1098"]
[PlyCount "61"]
[WhiteFideId "16214846"]
[BlackFideId "16244982"]
[EventCountry "GER"]
[EventRounds "11"]
[EventType "swiss"]
[EventDate "2017.06.03"]

1. e4 e5 2. Nf3 Nc6 3. d4 exd4 4. Nxd4 Nge7 5. Bc4 d5 6. exd5 Nxd5 7. Nxc6 bxc6
8. O-O Be6 9. Re1 Be7 10. Bb3 O-O 11. Bd2 Qd7 12. Qe2 Rfe8 13. Qf1 Rad8 14. Nc3
Nb4 15. Red1 Nd5 16. a3 Qc8 17. Rab1 Qb7 18. Bc4 Qa8 19. Bd3 Bf6 20. Ne4 h6 21.
c4 Ne7 22. Nxf6+ gxf6 23. Bxh6 Kh8 24. Qe2 Rxd3 25. Qxd3 Bf5 26. Qg3 Rg8 27.
Qh4 Ng6 28. Qxf6+ Kh7 29. Qxf5 Kxh6 30. Qf6 c5 31. Rd3 1-0

[Event "DEM U10 2017"]
[Site "Willingen GER"]
[Date "2017.06.04"]
[Round "2"]
[White "Phan Trong, Dai"]
[Black "Hänselmann, Hendrik"]
[Result "1/2-1/2"]
[Termination "normal"]
[Board "17"]
[WhiteElo "1392"]
[BlackElo "1461"]
[PlyCount "133"]
[WhiteFideId "16236939"]
[BlackFideId "16232755"]
[EventCountry "GER"]
[EventRounds "11"]
[EventType "swiss"]
[EventDate "2017.06.03"]

1. c4 e5 2. Nc3 Nf6 3. g3 d5 4. cxd5 Nxd5 5. Bg2 Nf6 6. d3 Be7 7. Nf3 Nc6 8.
O-O O-O 9. Nd2 Be6 10. b3 Qd7 11. Re1 Rad8 12. Bb2 Rfe8 13. Nc4 Bh3 14. Bh1 Bc5
15. Qc1 Ng4 16. Ne4 Qf5 17. Bf3 Bd4 18. Bxd4 Nxd4 19. Ng5 Nf6 20. Bxb7 c6 21.
Nxh3 Qxh3 22. Ne3 e4 23. Ba6 Nf5 24. Nf1 exd3 25. Bxd3 Nd4 26. Qf4 h6 27. Rac1
Qd7 28. Qd2 Ne4 29. Bxe4 Rxe4 30. Rcd1 Re7 31. Qb2 Qg4 32. Ne3 Qd7 33. Kf1 c5
34. Nc2 Qb7 35. f3 Red7 36. Nxd4 Rxd4 37. Qc2 Qd5 38. Rxd4 Qxd4 39. Qc4 Qxc4
40. bxc4 Rd2 41. Ra1 Rc2 42. Ke1 Rxc4 43. Kd2 Kf8 44. Kd3 Rd4+ 45. Kc3 Ke7 46.
Rb1 Rd7 47. Kc4 Rd2 48. Rb7+ Ke6 49. Rxa7 Rxe2 50. Kxc5 Rxh2 51. Ra3 g5 52.
Re3+ Kf6 53. a4 Rc2+ 54. Kb4 Kf5 55. a5 Rb2+ 56. Rb3 Rd2 57. a6 Rd8 58. a7 h5
59. Ra3 Ra8 60. Ra5+ Kg6 61. Kb5 h4 62. gxh4 gxh4 63. Kb6 h3 64. Kb7 Rxa7+ 65.
Kxa7 f5 66. Kb6 Kg5 67. Kc6 1/2-1/2

[Event "DEM U10 2017"]
[Site "Willingen GER"]
[Date "2017.06.04"]
[Round "2"]
[White "Fink, Moritz"]
[Black "Grabs, Peter"]
[Result "1-0"]
[Termination "normal"]
[Board "19"]
[WhiteElo "1162"]
[BlackElo "1281"]
[PlyCount "57"]
[WhiteFideId "16235711"]
[BlackFideId "16203887"]
[EventCountry "GER"]
[EventRounds "11"]
[EventType "swiss"]
[EventDate "2017.06.03"]

1. e4 e5 2. Nf3 Nc6 3. Bc4 Nf6 4. Ng5 d5 5. exd5 Na5 6. Bb5+ c6 7. dxc6 bxc6 8.
Ba4 Nd5 9. d4 Qe7 10. O-O f6 11. dxe5 fxg5 12. Qxd5 Qc7 13. Bxg5 Bd7 14. Qf3
Qxe5 15. Qe3 Qxe3 16. fxe3 Nc4 17. Bb3 Be6 18. Rf4 Bc5 19. Re4 Na5 20. Rxe6+
Kd7 21. Re4 Rhf8 22. Nc3 h6 23. Rd1+ Kc7 24. Bf4+ Kc8 25. Be6+ Kb7 26. Na4 Bb6
27. Rd7+ Ka6 28. g4 Nb7 29. Bc4+ 1-0

[Event "DEM U10 2017"]
[Site "Willingen GER"]
[Date "2017.06.04"]
[Round "2"]
[White "Krüger, Arthur"]
[Black "Böhm, Karl"]
[Result "0-1"]
[Termination "normal"]
[Board "21"]
[WhiteElo "1116"]
[BlackElo "1516"]
[PlyCount "66"]
[WhiteFideId "16244966"]
[BlackFideId "16209800"]
[EventCountry "GER"]
[EventRounds "11"]
[EventType "swiss"]
[EventDate "2017.06.03"]

1. e4 e5 2. Nf3 Nc6 3. Bc4 Nf6 4. d3 Be7 5. c3 d6 6. O-O O-O 7. h3 a6 8. Be3
Na5 9. Nbd2 Nxc4 10. Nxc4 b5 11. Ncd2 Bb7 12. Re1 c5 13. Nf1 a5 14. Ng3 Bc8 15.
Qc2 Bd7 16. Nh4 Nxe4 17. Nxe4 Bxh4 18. Nxd6 Bxh3 19. Bxc5 Qg5 20. g3 Qh5 21.
Kh2 Bg4 22. Kg1 Bf3 23. Re3 Be7 24. Rxf3 Qxf3 25. Ne4 Bxc5 26. Nxc5 Rac8 27.
Ne4 Rc6 28. Ng5 Qh5 29. Ne4 Rh6 30. Kg2 f5 31. Nc5 f4 32. Qb3+ Kh8 33. Ne4 f3+
0-1

[Event "DEM U10 2017"]
[Site "Willingen GER"]
[Date "2017.06.04"]
[Round "2"]
[White "Fathke, Luke"]
[Black "May, Alexander"]
[Result "1-0"]
[Termination "normal"]
[Board "22"]
[WhiteElo "1327"]
[BlackElo "1112"]
[PlyCount "133"]
[WhiteFideId "16230230"]
[BlackFideId "16244974"]
[EventCountry "GER"]
[EventRounds "11"]
[EventType "swiss"]
[EventDate "2017.06.03"]

1. e4 c5 2. Nf3 d6 3. Bc4 Nf6 4. d3 e6 5. c3 Be7 6. O-O Nbd7 7. Bf4 O-O 8. Nbd2
a6 9. Re1 b5 10. Bb3 Bb7 11. Nf1 Re8 12. Ne3 Qc7 13. c4 h6 14. cxb5 axb5 15. a3
Rec8 16. Rc1 Qd8 17. Nf1 Ba6 18. Ng3 Ng4 19. h3 Ngf6 20. e5 dxe5 21. Nxe5 Nxe5
22. Bxe5 Qb6 23. Bc2 Bb7 24. d4 cxd4 25. Bxd4 Qc6 26. Ne4 Rd8 27. f3 e5 28.
Nxf6+ Qxf6 29. Qe2 Rxd4 30. Qxe5 Qxe5 31. Rxe5 Bg5 32. Rce1 Bc6 33. Rc5 Bd7 34.
Rc7 Re8 35. Rf1 Be3+ 36. Kh1 Rc8 37. Rxc8+ Bxc8 38. Re1 Rd2 39. Be4 Bc5 40. Rc1
Bxh3 41. gxh3 Bf8 42. Rb1 g6 43. Kg1 Kg7 44. b4 Ra2 45. Rb3 Kf6 46. Bc6 Ke5 47.
Bxb5 Kd6 48. Bc4 Ra1+ 49. Kg2 f6 50. Kg3 g5 51. Kg4 Rh1 52. f4 Kc7 53. fxg5
fxg5 54. Rc3 Kb6 55. Rb3 Rd1 56. Kh5 Rd6 57. a4 Rf6 58. Bb5 Bd6 59. Rd3 Bxb4
60. Rd4 Bc5 61. Rg4 Ka5 62. Re4 Kb6 63. Re8 Bd6 64. Rh8 Bf8 65. Rh7 Ka5 66.
Ra7+ Kb6 67. Ra6+ 1-0

[Event "DEM U10 2017"]
[Site "Willingen GER"]
[Date "2017.06.04"]
[Round "2"]
[White "Laucht, Philipp"]
[Black "Brandstrup, Luca Alexander"]
[Result "1-0"]
[Termination "normal"]
[Board "23"]
[WhiteElo "1316"]
[BlackElo "1083"]
[PlyCount "129"]
[WhiteFideId "16244869"]
[BlackFideId "16244990"]
[EventCountry "GER"]
[EventRounds "11"]
[EventType "swiss"]
[EventDate "2017.06.03"]

1. e4 c5 2. Nf3 d6 3. d4 cxd4 4. Nxd4 Nf6 5. Nc3 e5 6. Nf3 a6 7. Be3 Be7 8. h3
Be6 9. Qd2 Nbd7 10. Ng5 Nc5 11. Bxc5 dxc5 12. Qxd8+ Rxd8 13. Nxe6 fxe6 14. Bc4
Kf7 15. Bd3 b5 16. f3 c4 17. Be2 Rd7 18. Rd1 Rhd8 19. Rxd7 Rxd7 20. a3 Bc5 21.
Nd1 Nh5 22. g4 Nf4 23. Rh2 g5 24. Bf1 Ng6 25. Rd2 Rxd2 26. Kxd2 h6 27. Bg2 Nh4
28. Bh1 Ke7 29. Kc3 Kd6 30. b3 Bxa3 31. bxc4 b4+ 32. Kb3 Kc5 33. Nf2 a5 34.
Nd3+ Kd6 35. Ka4 Ng6 36. Kxa5 Kc6 37. Nxb4+ Kc5 38. Na6+ Kxc4 39. Bg2 Kc3 40.
Bf1 Kxc2 41. Bc4 Nf4 42. Nc7 Nxh3 43. Bxe6 Ng1 44. Nd5 Nxf3 45. Nf6 Kd3 46. Bf5
Nd2 47. Kb5 Be7 48. Ng8 Bd8 49. Nxh6 Nxe4 50. Nf7 Bf6 51. Nd6 Ke3 52. Nxe4 Bd8
53. Kc5 Kf4 54. Kd5 Be7 55. Ke6 Bd8 56. Nc5 Bb6 57. Nd3+ Kg3 58. Nxe5 Bc7 59.
Nf7 Kh4 60. Ne5 Bxe5 61. Kxe5 Kg3 62. Kf6 Kh4 63. Bd7 Kg3 64. Kxg5 Kf3 65. Kf5
1-0

[Event "DEM U10 2017"]
[Site "Willingen GER"]
[Date "2017.06.04"]
[Round "2"]
[White "Friedhoff, Mirco"]
[Black "Tran Minh, Hieu"]
[Result "1/2-1/2"]
[Termination "normal"]
[Board "24"]
[WhiteElo "1095"]
[BlackElo "1315"]
[PlyCount "73"]
[WhiteFideId "16243447"]
[BlackFideId "16244877"]
[EventCountry "GER"]
[EventRounds "11"]
[EventType "swiss"]
[EventDate "2017.06.03"]

1. e4 e5 2. Nf3 Nc6 3. Nc3 Bc5 4. Nxe5 Nxe5 5. d4 Bd6 6. dxe5 Bxe5 7. Bc4 c6 8.
Qh5 Qe7 9. Bg5 Bf6 10. Bxf6 Nxf6 11. Qe2 d6 12. O-O O-O 13. h3 Re8 14. Bd3 d5
15. Rfe1 dxe4 16. Nxe4 Nxe4 17. Bxe4 Bf5 18. f3 Bxe4 19. Qxe4 Qxe4 20. Rxe4 f6
21. Rae1 Kf7 22. Rxe8 Rxe8 23. Rxe8 Kxe8 24. Kf2 Ke7 25. Ke3 g5 26. f4 h5 27.
fxg5 fxg5 28. Ke4 Ke6 29. g3 b5 30. b4 a6 31. a3 Kf6 32. g4 hxg4 33. hxg4 Ke6
34. c3 Kf6 35. Kf3 Ke5 36. Ke3 Kd5 37. Kd3 1/2-1/2